A catalogue of the classic contents of Strawberry Hill collected by Horace Walpole (Record no. 114015)

MARC details
000 -LEADER
fixed length control field 00813cam a22001935a 4500
001 - CONTROL NUMBER
control field L156079
008 - FIXED-LENGTH DATA ELEMENTS--GENERAL INFORMATION
fixed length control field 120430s1842 xxk f 000 0 eng d
035 ## - SYSTEM CONTROL NUMBER
System control number (Sirsi) u156079
041 0# - LANGUAGE CODE
Language code of text/sound track or separate title eng
100 1# - MAIN ENTRY--PERSONAL NAME
Personal name Robins, George Henry
Dates associated with a name 1778-1847
245 02 - TITLE STATEMENT
Title A catalogue of the classic contents of Strawberry Hill collected by Horace Walpole
260 ## - PUBLICATION, DISTRIBUTION, ETC.
Place of publication, distribution, etc. [London
Name of publisher, distributor, etc. The auctioneer
Date of publication, distribution, etc. 1842]
300 ## - PHYSICAL DESCRIPTION
Extent xxiv, 250 p.
Other physical details front. (port.) ill.
Dimensions 28 x 28 cm.
520 ## - SUMMARY, ETC.
Summary, etc. A second t.p. reads: "Strawberry Hill, the renowned seat of Horace Walpole. Mr. George Robins is honoured by having been selected ... to sell by public competition the valuable contents of Strawberry Hill ...".
583 ## - ACTION NOTE
Action Condition reviewed
Time/date of action 20120620
Status condition level 4 (x5)
651 #4 - SUBJECT ADDED ENTRY--GEOGRAPHIC NAME
Geographic name England
690 ## - LOCAL SUBJECT ADDED ENTRY--TOPICAL TERM (OCLC, RLIN)
Topical term or geographic name as entry element Auctioneering
9 (RLIN) 6218
942 ## - ADDED ENTRY ELEMENTS (KOHA)
Suppress in OPAC 0
Holdings
Withdrawn status Lost status Source of classification or shelving scheme Damaged status Not for loan Home library Current library Shelving location Date acquired Total Checkouts Full call number Barcode Date last seen Copy number Price effective from Koha item type
    Dewey Decimal Classification     Historic collection Historic collection Historic collection 30/04/2012   QUARTO 1842 ROBINS 30077956 06/08/2019 1 06/08/2019 Book
    Dewey Decimal Classification     Historic collection Historic collection Historic collection 30/04/2012   QUARTO 1842 ROBINS 30077961 06/08/2019 2 06/08/2019 Book
    Dewey Decimal Classification     Historic collection Historic collection Historic collection 30/04/2012   QUARTO 1842 ROBINS 30077957 06/08/2019 3 06/08/2019 Book
    Dewey Decimal Classification     Historic collection Historic collection Historic collection 30/04/2012   QUARTO 1842 ROBINS 30077952 06/08/2019 4 06/08/2019 Book
    Dewey Decimal Classification     Historic collection Historic collection Historic collection 25/07/2012   QUARTO 1842 ROBINS 30077948 06/08/2019 5 06/08/2019 Book